Studi di diritto romano

Sparad:
Bibliografiska uppgifter
Huvudupphovsman: Albertario, Emilio (Författare, medförfattare)
Materialtyp: Bok
Språk:italienska
Publicerad: Milán Antonino Giuffrè 1933
Ämnen:
Taggar: Lägg till en tagg
Inga taggar, Lägg till första taggen!

MARC

LEADER 00000nam a2200000 a 4500
001 UCR2800
003 CL-VaPUC
008 980116e19330000IT |||||||||||||||||ita|d
082 0 4 |a 340.54  |b ALB  |2 21 
100 0 |a Albertario, Emilio  |e author  |9 401184 
245 1 0 |a Studi di diritto romano 
300 |a v 
942 |c BK 
945 |d 19980116 00:00:00  |a aolguin 
260 |a Milán  |b Antonino Giuffrè  |c 1933 
500 |a v.1: Persone e famiglia 
650 0 |a Derecho romano  |9 255930 
650 7 |a PERSONA  |2 CL-VaPUC  |9 327934 
650 0 |a Familias   |9 255641 
650 0 |a Hijos  |9 353490 
650 7 |a CONDICION DE LOS HIJOS  |2 CL-VaPUC  |9 401185 
650 7 |a MATRIMONIO  |2 CL-VaPUC  |9 401186 
650 0 |a Dote  |9 397660 
650 0 |a Tutela  |9 259125 
650 0 |a Derecho de alimentos   |9 258635 
583 |a last modification  |c 19980116 00:00:00  |k Rodrigo Vera 
999 |c 265925  |d 265923 
952 |0 0  |1 0  |4 0  |6 340_540000000000000_ALB_1933  |7 0  |8 DER_ROM  |9 297074  |a BIBDER  |b BIBDER  |d 2019-11-20  |h v.1  |i 193130K  |l 1  |o 340.54 ALB 1933  |p 193130K  |r 2023-01-25  |s 2020-03-16  |w 2019-11-20  |x Ubicación 4to piso  |y BK  |z Este recurso debe solicitarse con anticipación  |k DER